Countries Containing the Letters "R" and "T" - Statistics

General Stats
  • This quiz has been taken 292 times
  • The average score is 27 of 34
Answer Stats
Hint Answer % Correct
Oceania Australia
93%
Europe Austria
91%
Turkmenistan
91%
Trinidad and Tobago
90%
United States of America
90%
Democratic Republic of the Congo
88%
Netherlands
87%
Portugal
87%
United Arab Emirates
87%
Argentina
85%
Saint Vincent and the Grenadines
85%
Turkey
85%
Americas Antigua and Barbuda
84%
Mauritania
84%
South Africa
83%
North Korea
82%
Eritrea
80%
Republic of the Congo
80%
Croatia
79%
Mauritius
79%
South Korea
78%
Switzerland
78%
Equatorial Guinea
77%
Kiribati
77%
Africa Central African Republic
76%
North Macedonia
76%
Costa Rica
75%
Federated States of Micronesia
73%
Montenegro
73%
Kyrgyzstan
71%
São Tomé and Príncipe
69%
Asia East Timor
64%
Qatar
63%
Ivory Coast
59%
No matching quizzes found
Score Distribution
Percent of People with Each Score
Percentile by Number Answered
Your Score History
You have not taken this quiz